000 00376 a2200157 4500
001 166996
020 _a
040 _cMagnum
100 _aLarrosa, Jorge
240 1 0 _aPedagogia profana: dancas, piruetas e mascaradas
_lpor
245 1 0 _aPedagogia profana: dancas, piruetas e mascaradas
362 0 _a1899
440 1 _aAutĂȘntica
697 _aPEDAGOGIA
942 _cBK
999 _c166996
_d166996